[Event "XXXI Torre Memorial 2019"]
[Site "Merida"]
[Date "2019.12.15"]
[Round "4.13"]
[White "Martin Del Campo C., Roberto"]
[Black "Gonzalez Zamora, Juan Carlos"]
[Result "1/2-1/2"]
[WhiteElo "2314"]
[BlackElo "2535"]
[Annotator "ChessBase"]
[PlyCount "108"]
[EventDate "2019.12.13"]
[EventType "swiss"]
[EventCountry "MEX"]
[SourceTitle "playchess.com"]
[Source "ChessBase"]
[SourceQuality "1"]
[TimeControl "5400+30"]

1. e4 {[%emt 0:04:40]} c5 {[%emt 0:00:00]} 2. Nf3 {[%emt 0:00:37]} e6 {[%emt 0:00:00]} 3. d4 {[%emt 0:01:12]} cxd4 {[%emt 0:00:00]} 4. Nxd4 {[%emt 0:00:02]} a6 {[%emt 0:00:08]} 5. Bd3 {[%emt 0:01:19]} Bc5 {[%emt 0:00:13]} 6. Nb3 {[%emt 0:02:04]} Be7 {[%emt 0:00:25]} 7. Nc3 {[%emt 0:01:35]} d6 {[%emt 0:00:40]} 8. f4 {[%emt 0:01:33]} Bh4+ {[%emt 0:02:46]} 9. g3 {[%emt 0:00:38]} Bf6 {[%emt 0:00:09]} 10. Qf3 {[%emt 0:04:56]} Nc6 {[%emt 0:03:04]} 11. Bd2 {[%emt 0:18:41]} Nge7 {[%emt 0:07:59]} 12. O-O-O {[%emt 0:08:28]} Qc7 {[%emt 0:14:37]} 13. g4 {[%emt 0:00:36]} Bxc3 {[%emt 0:10:20]} 14. Bxc3 {[%emt 0:00:27]} e5 {[%emt 0:00:00]} 15. f5 {[%emt 0:14:12]} b5 {[%emt 0:00:07]} 16. f6 {[%emt 0:01:42]} gxf6 {[%emt 0:00:10]} 17. Qxf6 {[%emt 0:00:04]} Rg8 {[%emt 0:01:03]} 18. Be2 {[%emt 0:05:00]} Be6 {[%emt 0:00:33]} 19. g5 {[%emt 0:03:34]} O-O-O {[%emt 0:02:36]} 20. Rhg1 {[%emt 0:03:32]} Kb8 {[%emt 0:07:44]} 21. Kb1 {[%emt 0:05:13]} Rc8 {[%emt 0:07:44]} 22. Bg4 {[%emt 0:04:29]} b4 {[%emt 0:12:42]} 23. Bxe6 {[%emt 0:01:21]} fxe6 {[%emt 0:00:09]} 24. Bd2 {[%emt 0:00:05]} a5 {[%emt 0:02:02]} 25. Qxe6 {[%emt 0:03:08]} a4 {[%emt 0:00:34]} 26. Na1 {[%emt 0:00:10]} Nd4 {[%emt 0:00:59]} 27. Qh3 {[%emt 0:00:21]} Nec6 {[%emt 0:01:28]} 28. a3 {[%emt 0:03:49]} bxa3 {[%emt 0:06:58]} 29. Qxa3 {[%emt 0:00:09]} Kb7 {[%emt 0:00:01]} 30. Be3 {[%emt 0:02:23]} Ra8 {[%emt 0:00:14]} 31. Bxd4 {[%emt 0:00:31]} exd4 {[%emt 0:01:33]} 32. h4 {[%emt 0:00:31]} Ra5 {[%emt 0:00:55]} 33. Rgf1 {[%emt 0:00:32]} Re8 {[%emt 0:01:05]} 34. Rf5 {[%emt 0:02:30]} Rxe4 {[%emt 0:02:54]} 35. Rxa5 {[%emt 0:00:10]} Qxa5 {[%emt 0:00:27]} 36. Qxd6 {[%emt 0:00:07]} Re1 {[%emt 0:00:47]} 37. Rxe1 {[%emt 0:01:25]} Qxe1+ {[%emt 0:00:10]} 38. Ka2 {[%emt 0:00:01]} Qxh4 {[%emt 0:02:46]} 39. Qc5 {[%emt 0:00:11]} Qf4 {[%emt 0:03:17]} 40. b3 {[%emt 0:01:33]} Qf7 {[%emt 0:03:14]} 41. Qb5+ {[%emt 0:01:25]} Kc7 {[%emt 0:00:02]} 42. Qxa4 {[%emt 0:00:14]} Qd5 {[%emt 0:00:37]} 43. Ka3 {[%emt 0:02:19]} Qxg5 {[%emt 0:00:26]} 44. b4 {[%emt 0:00:11]} Qc1+ {[%emt 0:01:03]} 45. Ka2 {[%emt 0:01:07]} Qd2 {[%emt 0:00:30]} 46. b5 {[%emt 0:00:29]} Qa5 {[%emt 0:03:31]} 47. Ka3 {[%emt 0:02:25]} Qc3+ {[%emt 0:02:55]} 48. Nb3 {[%emt 0:00:31]} Ne5 {[%emt 0:01:26]} 49. Qa7+ {[%emt 0:00:46]} Kd6 {[%emt 0:00:45]} 50. Qxd4+ {[%emt 0:00:55]} Qxd4 {[%emt 0:00:06]} 51. Nxd4 {[%emt 0:00:01]} Kc5 {[%emt 0:00:19]} 52. Nf5 {[%emt 0:00:28]} Kxb5 {[%emt 0:00:23]} 53. Kb3 {[%emt 0:00:04]} Kc5 {[%emt 0:00:08]} 54. Kc3 {[%emt 0:00:18]} Kb6 1/2-1/2

[Event "XXXI Torre Memorial 2019"]
[Site "Merida"]
[Date "2019.12.15"]
[Round "4.14"]
[White "Macieja, Bartlomiej"]
[Black "Medina Diaz, Rafael Alejandro"]
[Result "1-0"]
[WhiteElo "2513"]
[BlackElo "2327"]
[Annotator "TA"]
[PlyCount "77"]
[EventDate "2019.12.13"]
[EventType "swiss"]
[EventCountry "MEX"]
[SourceTitle "playchess.com"]
[Source "ChessBase"]
[SourceQuality "1"]

{[%evp 9,77,0,14,12,12,11,22,9,35,37,151,149,137,132,179,74,84,85,79,55,55,55,78,54,58,46,58,60,65,73,77,65,76,74,75,74,74,80,88,77,146,102,117,117,127,85,88,15,24,57,38,30,43,0,70,59,75,104,112,8,169,174,533,501,1010,1010,29985,29986,29983,29984]} 1. Nf3 d5 2. d4 Nf6 3. c4 c6 4. Qb3 dxc4 5. Qxc4 Bg4 6. Nc3 {D23: Queen's Gambit Accepted: 3 Nf3 Nf6 sidelines} (6. Nbd2 Nbd7 7. g3 e6 8. Bg2 Be7 9. O-O O-O 10. b3 Rc8 11. Bb2 b5 12. Qc2 c5 13. Rfc1 Nd5 14. Qd1 {1-0 (40) Predke,A (2650)-Inarkiev,E (2682) Izhevsk 2019}) 6... Nbd7 7. Bf4 Bxf3 8. gxf3 {The position is equal.} Qa5 9. O-O-O $146 ({Predecessor:} 9. Qb3 Nd5 10. Qxb7 Rd8 11. Bd2 Nb4 12. Nd5 Nc2+ 13. Kd1 Qxd5 14. Kxc2 {1-0 (30) Hahn,M (2263)-Hoffmann,S (2174) Vellmar 2018}) 9... e5 (9... Nb6 $14 10. Qb3 g6) 10. dxe5 $16 Nxe5 {[#]} 11. Qb3 $1 {[%cal Rb3b7]} b6 12. e3 (12. e4 $18 {has better winning chances.}) 12... Be7 13. Bb5 a6 14. Ba4 O-O $1 15. Bxe5 $1 Qxe5 16. Bxc6 Rab8 17. Kb1 Rfc8 18. Bd5 Qh5 19. Ne2 {[%cal Bc3e2,Be2g3,Bg3f5][%mdl 32]} b5 20. Ng3 Qg6+ 21. Be4 Nxe4 22. fxe4 Qg4 23. f4 {Threatens to win with Nf5.} Bf8 24. Nf5 {Strongly threatening Nh6+!} Qf3 (24... g6 $142) 25. e5 Rc4 26. Qd3 Rbc8 27. a3 Qc6 28. h4 (28. Rhg1 $16 {aiming for Rxg7+!} g6 29. Nd6) 28... b4 $1 $11 {[%cal Rb4a3]} 29. axb4 Rxb4 30. Rh2 Rc4 31. Nd4 Qb6 (31... Qb7 $11) 32. h5 $14 Rc3 33. Qe4 h6 34. Rc2 (34. Rg2 $16) 34... Ba3 $2 {[#]} (34... Rxc2 $11 {and Black has nothing to worry.} 35. Nxc2 Rb8) 35. Rg2 $1 $36 {[%mdl 2048] Hoping for f5. White is in control.} Bf8 $2 (35... Kh8 {is a better chance.}) 36. f5 R3c5 (36... R3c4 $142 37. f6 Rb4 38. fxg7 Be7) 37. f6 {White threatens Rxg7+ and mate.} Re8 {[#]} 38. Rxg7+ $1 {[%mdl 576] Clearance} Bxg7 {[#]} 39. Qg2 $1 {[%mdl 576] Pin. Accuracy: White = 60%, Black = 42%.} 1-0

[Event "XXXI Torre Memorial 2019"]
[Site "Merida"]
[Date "2019.12.15"]
[Round "4.15"]
[White "Cu Hor, Winston Darwin"]
[Black "Obregon Rivero, Juan Carlos"]
[Result "0-1"]
[WhiteElo "2307"]
[BlackElo "2513"]
[Annotator "TA"]
[PlyCount "74"]
[EventDate "2019.12.13"]
[EventType "swiss"]
[EventCountry "MEX"]
[SourceTitle "playchess.com"]
[Source "ChessBase"]
[SourceQuality "1"]

{[%evp 21,74,2,6,-13,21,-13,18,0,-6,-53,-63,-47,-42,-62,-33,-28,-47,-37,-37,-52,0,-76,-70,-227,-127,-138,-139,-102,0,0,45,18,6,-8,-8,-37,-30,-31,0,-288,-296,-660,-660,-660,-657,-661,-632,-615,-631,-622,-597,-654,-654,-677,-674]} 1. Nf3 c5 2. c4 g6 3. g3 Bg7 4. Bg2 Nc6 5. Nc3 d6 6. d3 e6 7. O-O Nge7 8. a3 O-O 9. Bd2 b6 10. Rb1 Bb7 11. b4 Qd7 12. e4 {A37: Symmetrical English vs ...g6: 4 Bg2 Bg7 5 Nf3} (12. e3 h6 13. Qc2 Rac8 14. Rfd1 Rfd8 15. Ne2 Ne5 16. e4 Nxf3+ 17. Bxf3 Nc6 18. Bg2 Rf8 19. Be3 Nd4 {½-½ (50) Meier,G (2650)-Alekseev,E (2616) Riadh 2017}) 12... Rac8 13. Re1 $146 ({Predecessor:} 13. Ne2 Rfd8 14. Bc3 Ne5 15. Qb3 Nxf3+ 16. Bxf3 Bxc3 17. Nxc3 Nc6 18. Bg2 Nd4 19. Qb2 cxb4 20. axb4 {½-½ (35) Muse,M (2434)-Saric,A (2541) Bol 2013}) 13... Rfd8 14. Ne2 {The position is equal.} Ne5 15. Nf4 cxb4 16. Bxb4 N7c6 17. Bh3 Nxb4 18. axb4 Nxf3+ 19. Qxf3 b5 20. cxb5 Rc2 (20... Bd4 $15) 21. Nd5 (21. Qd1 $1 $11 Rc3 22. b6) 21... Qxb5 $17 22. Ne7+ $2 ({White should play} 22. Nf6+ $1 $15 Kh8 23. Bg2) 22... Kh8 (22... Kf8 $1 $19 {[%cal Rf8e7]} 23. Bxe6 Qe8) 23. Rec1 Rxc1+ 24. Rxc1 f5 (24... Rf8 $17 25. Qd1 Be5) 25. Qf4 $1 $11 {Nxg6+! is the strong threat.} Rf8 26. Rc7 {And now Qh4! would win.} (26. Qh4 $5 {[%cal Re7g6]} g5 27. Qh5 Qxd3 28. Bg2 $14) 26... Ba6 $1 $132 {[%mdl 2048] Black has counterplay} (26... Qxb4 $2 27. Qh4 $1 $18 {[%mdl 512]}) 27. Qxd6 fxe4 28. Bf1 ({Not} 28. Bxe6 $2 e3 $19) 28... e3 {aiming for ...Qh5.} 29. fxe3 Qg5 30. Qc5 $2 {[%mdl 8192]} (30. Qxe6 $11 {and White stays safe.} Qh5 31. Qd7 (31. Qxa6 Qf3 $11 {[%mdl 64] Double Attack}) 31... Rxf1+ 32. Kxf1 Qf3+ 33. Ke1 (33. Kg1 Qxe3+ {[%mdl 64] Double Attack} 34. Kh1 Qf3+ 35. Kg1 Qd1+ 36. Kf2 Qd2+ {[%mdl 64] Double Attack} 37. Kg1 Qd1+ 38. Kf2 Qd2+ {[%mdl 64] Double Attack} 39. Kg1 Qe1+ 40. Kg2 Qe2+ 41. Kg1 Qe3+ 42. Kh1 Qf3+ 43. Kg1 Qd1+ $11) 33... Qxe3+ 34. Kd1 Qg1+ 35. Ke2 Qxh2+ 36. Kf1 Qh1+ 37. Kf2 Qh2+ 38. Kf1 Qh1+ 39. Kf2 Qh2+ 40. Kf1) 30... Qf6 $19 {[%csl Gf8][%cal Rf6f1] [#]} 31. Qc1 $2 (31. Nf5 $1 {[%mdl 512]} Qxf5 (31... exf5 32. b5) 32. Qxf5 Rxf5 33. Rxa7) 31... Qf2+ {Black is clearly winning.} 32. Kh1 Qxf1+ 33. Qxf1 Rxf1+ 34. Kg2 Bxd3 35. Rd7 Be2 36. Rd2 Bb5 37. Nc6 Rf8 {Accuracy: White = 23%, Black = 64%.} 0-1

[Event "XXXI Torre Memorial 2019"]
[Site "Merida"]
[Date "2019.12.15"]
[Round "4.16"]
[White "Fernandez Cardoso, Alexey"]
[Black "Dieguez Alvarez, Mario Enrique"]
[Result "1-0"]
[WhiteElo "2441"]
[BlackElo "2304"]
[Annotator "TA"]
[PlyCount "63"]
[EventDate "2019.12.13"]
[EventType "swiss"]
[EventCountry "MEX"]
[SourceTitle "playchess.com"]
[Source "ChessBase"]
[SourceQuality "1"]

{[%evp 18,63,23,25,39,25,49,49,47,27,61,68,106,93,114,106,106,103,115,103,99,112,124,114,202,199,260,260,259,241,304,304,388,378,420,437,404,296,387,400,380,203,362,346,816,812,761,376]} 1. e4 c5 2. Nf3 e6 3. d4 cxd4 4. Nxd4 a6 5. Nc3 Qc7 6. f4 d6 7. Be3 b5 8. Bd3 Bb7 9. Qf3 Nf6 10. g4 Nfd7 {B82: Sicilian Scheveningen: 6 f4} (10... Nc6 11. g5 Nd7 12. a3 b4 13. axb4 Nxb4 14. O-O g6 15. Qh3 Bg7 16. f5 gxf5 17. exf5 Bxd4 18. Bxd4 e5 {0-1 (51) Bartel,M (2649)-Smirin,I (2676) Warsaw 2016}) 11. O-O-O Nc6 12. Kb1 Be7 {White is slightly better.} 13. g5 Rc8 14. Qh3 Nxd4 $146 ({Predecessor:} 14... Nc5 15. g6 fxg6 16. Nxe6 Nxe6 17. Qxe6 Nd8 {1-0 (29) Vega Gutierrez,B (2069)-Paredes Cordo,J (2152) Mondariz 2004}) 15. Bxd4 e5 16. fxe5 dxe5 17. Be3 g6 18. Nd5 Bxd5 19. exd5 O-O {[#]} 20. Qg2 $1 Rfe8 (20... Nc5 $16) 21. h4 $18 Bf8 (21... Bc5 $142) 22. Be4 Qd6 23. h5 Bg7 24. hxg6 hxg6 25. Rh4 Nc5 {[#]} 26. Bxc5 $1 Rxc5 27. Rdh1 Rc4 28. Rh7 Kf8 29. Bd3 ({Not} 29. Qf3 Rd8 $16) (29. b3 $142 Rd4 30. c3 (30. Qf3 Rd8 $16) 30... Rxe4 31. Qxe4) 29... Rf4 $2 (29... Rd4 {was called for.}) 30. Qh3 e4 $2 {[#]} (30... Qxd5 31. Rxg7 Qxh1+ 32. Qxh1 Kxg7) 31. Rxg7 $1 {[%mdl 512]} Qe5 (31... Kxg7 32. Qh6+) 32. Qh8+ {Accuracy: White = 79%, Black = 45%.} 1-0

[Event "XXXI Torre Memorial 2019"]
[Site "Merida"]
[Date "2019.12.15"]
[Round "4.17"]
[White "Galaviz Medina, Sion Radamantys"]
[Black "Vera Gonzalez-Quevedo, Reynaldo"]
[Result "0-1"]
[WhiteElo "2299"]
[BlackElo "2436"]
[Annotator "TA"]
[PlyCount "22"]
[EventDate "2019.12.13"]
[EventType "swiss"]
[EventCountry "MEX"]
[SourceTitle "playchess.com"]
[Source "ChessBase"]
[SourceQuality "1"]

{[%evp 9,130,-16,-21,-18,6,-187,-189,-169,-138,-195,-191,-275,-190,-188,-180,-180,-182,-168,-170,-179,-177,-200,-147,-150,-147,-142,-143,-191,-168,-177,-178,-220,-227,-225,-222,-241,-226,-253,-250,-302,-268,-269,-233,-235,-241,-232,-232,-232,-221,-231,-248,-220,-165,-243,-268,-295,-165,-262,-241,-288,-265,-332,-337,-345,-335,-340,-365,-376,-374,-379,-378,-368,-376,-421,-391,-414,-376,-423,-396,-312,-310,-435,-402,-424,-421,-387,-393,-695,-690,-692,-681,-667,-642,-784,-735,-29970,-29971,-29968,-29969,-29968,-12822,-12825,-12826,-5935,-1505,-1038,-991,-886,-843,-1804,-1950,-1693,-1008,-2004,-1942,-1776,-1394,-5911,-6398,-29987,-29988,-29982,-29983]} 1. d4 Nf6 2. Nf3 c5 3. dxc5 Na6 {[%cal Bb8a6,Ba6c5,Bc5e4][%mdl 32]} 4. a3 (4. g3 Nxc5 5. c4 g6 6. Nc3 Bg7 7. Bg2 O-O 8. O-O d6 9. Nd4 Ne6 10. Nc2 Nc5 11. f3 Be6 12. g4 Nfd7 13. Nd5 Bxd5 14. cxd5 Na4 15. Rb1 a5 16. Kh1 Ndc5 17. Nd4 Qd7 18. Be3 {1-0 (18) Terry,R (2504)-Di Berardino,D (2517) Arica 2018}) 4... Nxc5 5. b4 Nce4 6. Bb2 {A46: 1 d4 Nf6 2 Nf3 e6: Torre, London and Colle Systems} a5 $146 ({Predecessor:} 6... Qc7 7. Qd3 g6 8. Nd4 Qf4 9. Qf3 Qc7 10. e3 d5 11. Bb5+ Bd7 {1-0 (52) Kekki,P (2362)-Mohamed,M (2122) Caleta 2005}) 7. c3 $2 {[#]} (7. Nbd2 $11 {and White is okay.}) 7... Ng4 $1 $19 8. Qd4 {Black is clearly better.} Ngxf2 {Strongly threatening ...d5.} 9. Rg1 (9. Nbd2 $17) 9... d6 10. e3 (10. Nbd2 $142 e5 11. Qe3 Nxd2 12. Qxf2 Nxf1 13. Rxf1) 10... e5 11. Qd5 Be7 {Played: Qd8-b6} 0-1

[Event "XXXI Torre Memorial 2019"]
[Site "Merida"]
[Date "2019.12.15"]
[Round "4.18"]
[White "Leon Valdes, Jony Wilson"]
[Black "Amaro Alfonso, Raynner"]
[Result "1/2-1/2"]
[WhiteElo "2398"]
[BlackElo "2296"]
[Annotator "TA"]
[PlyCount "50"]
[EventDate "2019.12.13"]
[EventType "swiss"]
[EventCountry "MEX"]
[SourceTitle "playchess.com"]
[Source "ChessBase"]
[SourceQuality "1"]

{[%evp 18,50,14,11,19,0,37,20,12,11,17,23,49,35,124,-31,0,-20,-21,-67,-74,-105,-108,-106,-18,-27,-22,-25,-20,-20,0,0,0,-69,8]} 1. d4 Nf6 2. c4 e6 3. g3 d5 4. Bg2 Bb4+ 5. Bd2 Be7 6. Nf3 c6 7. Qc2 O-O 8. O-O Nbd7 9. Rd1 b6 10. Bf4 Ba6 {E08: Closed Catalan: Main Line: 7 Qc2} (10... Bb7 11. Ne5 Nh5 12. Bd2 Nhf6 13. cxd5 cxd5 14. Nc6 Qe8 15. Nxe7+ Qxe7 16. Nc3 Rfc8 17. Qd3 a5 18. Rac1 h6 19. Be1 {½-½ (29) Grischuk,A (2766)-Anand,V (2764) Paris 2019}) 11. Ne5 Nxe5 12. dxe5 Nd7 {The position is equal.} 13. cxd5 cxd5 14. e4 {[#]} d4 $1 {[%mdl 512]} 15. Rxd4 g5 {[#]} (15... Bc5 $14 16. Rd1 Qe7) 16. Bc1 $146 (16. Qd2 $1 $16 gxf4 17. Rxd7) ({Predecessor:} 16. Qd2 gxf4 17. Rxd7 Qe8 18. Nc3 fxg3 19. hxg3 {0-1 (45) Elsness,F (2466)-Sanal,V (2533) Khanty-Mansiysk 2017}) 16... Qe8 (16... Qc8 $5 {[%cal Rc8c2]} 17. Nc3 Nxe5 $11) 17. Nc3 Nxe5 18. Qa4 Qxa4 19. Nxa4 Rfd8 20. Be3 Rd7 ({Better is} 20... Bf6 $17 {And now ...Nf3+! would win.} 21. Rad1 Rxd4 22. Rxd4 g4) 21. Rxd7 $11 Nxd7 22. Rd1 Ne5 23. Nc3 Rd8 24. Rxd8+ Bxd8 25. b3 (25. f4 $11 gxf4 26. gxf4) 25... Nd7 {Accuracy: White = 43%, Black = 27%.} ({Black should play} 25... g4 $15) 1/2-1/2

[Event "XXXI Torre Memorial 2019"]
[Site "Merida"]
[Date "2019.12.16"]
[Round "5.1"]
[White "Santiago, Yago De Moura"]
[Black "Ibarra Chami, Luis Fernando"]
[Result "1/2-1/2"]
[WhiteElo "2479"]
[BlackElo "2423"]
[Annotator "ChessBase"]
[PlyCount "37"]
[EventDate "2019.12.13"]
[EventType "swiss"]
[EventCountry "MEX"]
[SourceTitle "playchess.com"]
[Source "ChessBase"]
[SourceQuality "1"]
[TimeControl "5400+30"]

1. c4 {[%emt 0:00:00]} e5 {[%emt 0:10:55]} 2. Nc3 {[%emt 0:01:07]} Nf6 {[%emt 0:00:55]} 3. Nf3 {[%emt 0:00:12]} Nc6 {[%emt 0:00:18]} 4. e4 {[%emt 0:00:09]} Bb4 {[%emt 0:03:51]} 5. d3 {[%emt 0:00:19]} d6 {[%emt 0:06:13]} 6. a3 {[%emt 0:01:21]} Bxc3+ {[%emt 0:00:27]} 7. bxc3 {[%emt 0:00:11]} h6 {[%emt 0:08:11]} 8. g3 {[%emt 0:05:29]} Be6 {[%emt 0:05:30]} 9. Bg2 {[%emt 0:02:36]} Qd7 {[%emt 0:01:47]} 10. h3 {[%emt 0:07:15]} Ne7 {[%emt 0:05:31]} 11. Nd2 {[%emt 0:02:54]} Ng6 {[%emt 0:06:55]} 12. Rb1 {[%emt 0:35:58]} c6 {[%emt 0:04:32]} 13. d4 {[%emt 0:05:02]} Qc8 {[%emt 0:01:54]} 14. Qe2 {[%emt 0:00:47]} O-O {[%emt 0:02:18]} 15. d5 {[%emt 0:12:11]} Bd7 {[%emt 0:01:16]} 16. Qe3 {[%emt 0:00:32]} Re8 {[%emt 0:01:47]} 17. Kf1 {[%emt 0:00:28]} Qc7 {[%emt 0:02:00]} 18. Kg1 {[%emt 0:00:14]} Rec8 {[%emt 0:02:07]} 19. Bb2 {[%emt 0:02:41]} 1/2-1/2

[Event "XXXI Torre Memorial 2019"]
[Site "Merida"]
[Date "2019.12.16"]
[Round "5.2"]
[White "Fernandez De La Vara, Arnaldo"]
[Black "Miranda Mesa, Elier"]
[Result "0-1"]
[WhiteElo "2463"]
[BlackElo "2477"]
[Annotator "ChessBase"]
[PlyCount "85"]
[EventDate "2019.12.13"]
[EventType "swiss"]
[EventCountry "MEX"]
[SourceTitle "playchess.com"]
[Source "ChessBase"]
[SourceQuality "1"]
[TimeControl "5400+30"]

1. c4 {[%emt 0:00:00]} c6 2. d4 {[%emt 0:00:21]} d5 {[%emt 0:03:03]} 3. Nc3 {[%emt 0:00:10]} Nf6 {[%emt 0:00:15]} 4. Nf3 {[%emt 0:00:28]} a6 {[%emt 0:02:47]} 5. e3 {[%emt 0:00:07]} Bf5 {[%emt 0:01:37]} 6. Ne5 {[%emt 0:00:58]} Nbd7 {[%emt 0:06:51]} 7. Qb3 {[%emt 0:00:07]} Qc7 {[%emt 0:02:46]} 8. cxd5 {[%emt 0:00:41]} Nxe5 {[%emt 0:01:44]} 9. dxe5 {[%emt 0:00:03]} Nxd5 {[%emt 0:00:10]} 10. Bc4 {[%emt 0:00:02]} e6 {[%emt 0:16:05]} 11. e4 Nxc3 {[%emt 0:02:44]} 12. exf5 {[%emt 0:00:11]} Nd5 {[%emt 0:01:16]} 13. O-O {[%emt 0:14:35]} O-O-O {[%emt 0:05:13]} 14. Bg5 {[%emt 0:36:55]} Rd7 {[%emt 0:09:50]} 15. Rfe1 {[%emt 0:11:49]} Bc5 {[%emt 0:06:17]} 16. Rac1 {[%emt 0:10:34]} Bd4 {[%emt 0:05:44]} 17. Qh3 {[%emt 0:03:02]} Re8 {[%emt 0:12:01]} 18. fxe6 {[%emt 0:01:10]} fxe6 {[%emt 0:00:05]} 19. Qxh7 {[%emt 0:00:27]} Bxb2 {[%emt 0:02:27]} 20. Rc2 {[%emt 0:02:02]} Bd4 {[%emt 0:06:19]} 21. Qg6 {[%emt 0:05:49]} Rf7 {[%emt 0:03:09]} 22. Ree2 {[%emt 0:02:37]} Rff8 {[%emt 0:02:21]} 23. Qe4 {[%emt 0:00:25]} Qb6 24. Rcd2 Nc3 {[%emt 0:06:29]} 25. Qxd4 {[%emt 0:03:44]} Qb1+ {[%emt 0:00:03]} 26. Rd1 {[%emt 0:06:04]} Qxd1+ {[%emt 0:00:10]} 27. Qxd1 {[%emt 0:00:02]} Nxd1 {[%emt 0:00:03]} 28. Bd3 {[%emt 0:00:17]} Nc3 {[%emt 0:03:56]} 29. Rc2 {[%emt 0:00:00]} Nd5 {[%emt 0:00:21]} 30. Bg6 Kc7 31. Bxe8 {[%emt 0:00:53]} Rxe8 {[%emt 0:00:06]} 32. Rc4 {[%emt 0:01:55]} b5 {[%emt 0:00:38]} 33. Rh4 {[%emt 0:00:08]} Kb6 {[%emt 0:01:03]} 34. Rh7 {[%emt 0:00:10]} Rg8 {[%emt 0:00:02]} 35. f4 b4 {[%emt 0:00:39]} 36. g4 {[%emt 0:01:21]} g6 {[%emt 0:00:12]} 37. Kf2 {[%emt 0:00:51]} a5 {[%emt 0:00:29]} 38. Ke2 {[%emt 0:00:31]} a4 {[%emt 0:01:24]} 39. Kd2 {[%emt 0:00:29]} b3 {[%emt 0:00:29]} 40. Kc1 {[%emt 0:00:30]} c5 {[%emt 0:00:35]} 41. axb3 {[%emt 0:00:31]} axb3 {[%emt 0:00:04]} 42. h4 {[%emt 0:00:29]} Ra8 {[%emt 0:00:00]} 43. Rd7 {[%emt 0:00:31]} 0-1

[Event "XXXI Torre Memorial 2019"]
[Site "Merida"]
[Date "2019.12.16"]
[Round "5.3"]
[White "Cordova, Emilio"]
[Black "Rodriguez Vila, Andres"]
[Result "1-0"]
[WhiteElo "2585"]
[BlackElo "2463"]
[Annotator "ChessBase"]
[PlyCount "51"]
[EventDate "2019.12.13"]
[EventType "swiss"]
[EventCountry "MEX"]
[SourceTitle "playchess.com"]
[Source "ChessBase"]
[SourceQuality "1"]
[TimeControl "5400+30"]

1. d4 {[%emt 0:04:22]} f5 {[%emt 0:00:26]} 2. c4 {[%emt 0:00:30]} Nf6 {[%emt 0:00:30]} 3. Nf3 {[%emt 0:00:09]} g6 {[%emt 0:00:00]} 4. g3 Bg7 {[%emt 0:00:00]} 5. Bg2 {[%emt 0:00:12]} O-O {[%emt 0:00:00]} 6. Nc3 {[%emt 0:00:04]} d6 {[%emt 0:00:02]} 7. O-O {[%emt 0:00:14]} c6 {[%emt 0:01:10]} 8. d5 {[%emt 0:01:14]} Bd7 {[%emt 0:01:56]} 9. e4 {[%emt 0:08:45]} fxe4 {[%emt 0:04:56]} 10. Ng5 {[%emt 0:00:22]} cxd5 {[%emt 0:07:22]} 11. cxd5 {[%emt 0:00:30]} Na6 {[%emt 0:00:26]} 12. Ncxe4 {[%emt 0:02:18]} Rc8 {[%emt 0:05:14]} 13. Be3 {[%emt 0:03:34]} b6 {[%emt 0:06:34]} 14. Nc3 {[%emt 0:10:24]} Nc5 {[%emt 0:02:07]} 15. Qe2 {[%emt 0:00:30]} Bg4 {[%emt 0:07:48]} 16. f3 {[%emt 0:05:52]} Bf5 {[%emt 0:00:05]} 17. Rad1 Qe8 {[%emt 0:06:12]} 18. Rfe1 {[%emt 0:01:54]} Rb8 {[%emt 0:05:43]} 19. Bd4 {[%emt 0:09:11]} Rb7 {[%emt 0:00:15]} 20. b4 Na4 {[%emt 0:08:12]} 21. Qa6 {[%emt 0:03:58]} Nxc3 {[%emt 0:00:06]} 22. Qxb7 {[%emt 0:00:07]} Bc8 {[%emt 0:00:01]} 23. Qxa7 {[%emt 0:00:18]} Nb5 {[%emt 0:07:18]} 24. Qxe7 {[%emt 0:00:31]} Nxd4 {[%emt 0:00:05]} 25. Rxd4 {[%emt 0:00:38]} Qxe7 {[%emt 0:05:17]} 26. Rxe7 {[%emt 0:00:06]} 1-0

[Event "XXXI Torre Memorial 2019"]
[Site "Merida"]
[Date "2019.12.16"]
[Round "5.4"]
[White "Albornoz Cabrera, Carlos Daniel"]
[Black "Martinez Ramirez, Lennis"]
[Result "1-0"]
[WhiteElo "2555"]
[BlackElo "2454"]
[Annotator "ChessBase"]
[PlyCount "58"]
[EventDate "2019.12.13"]
[EventType "swiss"]
[EventCountry "MEX"]
[SourceTitle "playchess.com"]
[Source "ChessBase"]
[SourceQuality "1"]
[TimeControl "5400+30"]

1. e4 {[%emt 0:00:00]} e5 {[%emt 0:00:00]} 2. Nf3 {[%emt 0:00:00]} Nc6 {[%emt 0:00:00]} 3. Bb5 {[%emt 0:00:00]} Nf6 {[%emt 0:01:40]} 4. d3 {[%emt 0:00:00]} Ne7 {[%emt 0:00:21]} 5. d4 {[%emt 0:00:11]} c6 {[%emt 0:00:24]} 6. dxe5 {[%emt 0:00:03]} Nxe4 {[%emt 0:00:08]} 7. Bd3 {[%emt 0:00:05]} Nc5 {[%emt 0:00:29]} 8. O-O {[%emt 0:00:07]} d5 {[%emt 0:00:10]} 9. exd6 {[%emt 0:00:04]} Qxd6 {[%emt 0:00:06]} 10. Re1 {[%emt 0:00:03]} Nxd3 {[%emt 0:07:18]} 11. Nc3 {[%emt 0:00:15]} Bf5 {[%emt 0:02:01]} 12. cxd3 {[%emt 0:03:31]} O-O-O {[%emt 0:15:52]} 13. Ne5 {[%emt 0:12:33]} Bg6 {[%emt 0:03:24]} 14. Bf4 {[%emt 0:06:32]} Nd5 {[%emt 0:09:33]} 15. Bg3 {[%emt 0:03:10]} Qb4 {[%emt 0:03:59]} 16. a3 {[%emt 0:10:09]} Nxc3 {[%emt 0:22:33]} 17. bxc3 {[%emt 0:00:29]} Qc5 {[%emt 0:00:19]} 18. d4 {[%emt 0:08:17]} Qxc3 {[%emt 0:03:10]} 19. Rc1 {[%emt 0:08:19]} Qxd4 {[%emt 0:00:30]} 20. Qb3 {[%emt 0:09:01]} Qb6 {[%emt 0:02:09]} 21. Qf3 {[%emt 0:03:35]} Bc5 {[%emt 0:22:56]} 22. Nc4 {[%emt 0:00:56]} Bxf2+ {[%emt 0:03:00]} 23. Bxf2 {[%emt 0:00:11]} Qa6 {[%emt 0:00:44]} 24. Bg3 {[%emt 0:00:45]} Rd4 {[%emt 0:00:36]} 25. Nd6+ {[%emt 0:01:07]} Kd8 {[%emt 0:00:23]} 26. Qe3 {[%emt 0:00:28]} Rxd6 {[%emt 0:00:43]} 27. Qe7+ {[%emt 0:00:27]} Kc8 {[%emt 0:00:02]} 28. Qxd6 Qb6+ 29. Kh1 {[%emt 0:00:25]} c5 1-0